000 01060cam a22003014a 4500
999 _c6307
_d6307
001 2630898
003 OSt
005 20190906102200.0
008 990512s2000 caua bi 001 0 eng
010 _a 99030181
020 _a0495013390
040 _aDLC
_cDDC
_dDLC
042 _apcc
050 0 0 _aHD30.215
_b.K45 2000
082 0 0 _a310KEL 2005
100 1 _aKeller, Gerald;
_92668
245 1 0 _aStatistics for Management and Economics
250 _a7th ed.
260 _aAustraria.
_bThomson Brooks /Cole.
_c2005.
300 _axx,848p;
_bcol. ill. ;
_c27 cm. +
504 _aIncludes appendix and index.
538 _aSystem requirements for accompanying computer disc: Windows 98, 95, and Windows NT 3.5.1 or higher ; Power Macintosh or later, OS 7.5 or higher.
650 0 _aStatistics
_92669
650 0 _aManagement
_9364
906 _a7
_bcbc
_corignew
_d1
_eocip
_f19
_gy-gencatlg
942 _2ddc
_cO_SHELF